| Tag |
First Indicator |
Second Indicator |
Subfields |
| LEADER |
00000cam a2200000 a 4500 |
| 001 |
in00000019798 |
| 005 |
20151007053728.0 |
| 008 |
880328s1978 bo 00010 eng d |
| 035 |
|
|
|a (OCoLC)17689252
|
| 035 |
|
|
|9 AAB2623AM
|
| 040 |
|
|
|a TXA
|c TXA
|d AGX
|d UtOrBLW
|
| 043 |
|
|
|a s-bo---
|
| 049 |
|
|
|a TXAM
|c [A12623340]
|
| 050 |
|
4 |
|a SB945.A8
|b M57 1978
|
| 072 |
|
0 |
|a F821
|
| 100 |
1 |
|
|a Mitchell, Everett R.
|
| 245 |
1 |
0 |
|a Short-term consultant report, use of pheromones for trapping the fall armyworm and other insect pests in Bolivia /
|c by Everett R. Mitchell, Alton N. Sparks.
|
| 264 |
|
1 |
|a La Paz, Bolivia :
|b Consortium for International Development,
|c [1978?]
|
| 300 |
|
|
|a 6 pages, 3 unnumbered leaves ;
|c 29 cm.
|
| 336 |
|
|
|a text
|b txt
|2 rdacontent
|
| 337 |
|
|
|a unmediated
|b n
|2 rdamedia
|
| 338 |
|
|
|a volume
|b nc
|2 rdacarrier
|
| 490 |
1 |
|
|a Working paper =
|a Documento de trabajo / Consortium for International Development ;
|v no. 002/78
|
| 650 |
|
0 |
|a Insect pests
|z Bolivia.
|
| 650 |
|
0 |
|a Pheromones.
|
| 700 |
1 |
|
|a Sparks, Alton N.
|
| 830 |
|
0 |
|a Working paper (Consortium for International Development) ;
|v no. 78/002.
|
| 999 |
|
|
|a MARS
|
| 999 |
f |
f |
|s cd49effb-8128-341f-bbc5-42ea392131b7
|i 2067694f-9e42-3ac9-9482-0e7a44aa0066
|t 0
|
| 952 |
f |
f |
|p ric
|a Texas A&M University
|b Rellis Campus
|c Joint Library Facility
|d Remote Storage
|t 0
|e SB945.A8 M57 1978
|h Library of Congress classification
|i unmediated -- volume
|m A14812623340
|
| 998 |
f |
f |
|a SB945.A8 M57 1978
|t 0
|l Remote Storage
|